000 00480nam a2200157 4500
001 109643
003 ES-MaACL
005 20230906184900.0
007 t|
008 061121s1971 xxu r ||||1| eng d
100 1 _aOllman, Bertell.
_986944
245 1 0 _aAlineation
_b: Marx's conception of man in capitalist society /
_cBertell Ollman.
260 _a[New York] :
_bCambridge University Press,
_c1971.
300 _aXVI, 325 p. ;
_c21 cm.
852 _aES-MaACL
_jA-8891
_bR.98276
999 _c109643
_d109643